| 000 | 00646nam a22001935i 4500 | ||
|---|---|---|---|
| 001 | 171819 | ||
| 003 | ES-MaACL | ||
| 005 | 20230906214735.0 | ||
| 008 | 090602s1922 ger |||| | deu d | ||
| 100 | 1 |
_aSolmsen, Felix. _9140433 |
|
| 245 | 1 | 0 |
_aIndogermanische Eigennamen als Spiegel der Kulturgeschichte / _cvon Felix Solmsen ; Hrsg. u. bearb. von Ernst Fraenkel. |
| 260 |
_aHeidelberg : _bCarl Winter's, _c1922. |
||
| 300 |
_aXII, 262 p. ; _c19 cm. |
||
| 490 | 1 | _aIndogermanische Bibliothek | |
| 700 | 1 |
_aFraenkel, Ernst. _9140434 |
|
| 830 | 0 |
_aIndogermanische Bibliothek _9223218 |
|
| 852 |
_aES-MaACL _jB-11931 |
||
| 999 |
_c171819 _d171819 |
||